00463nam a2200145Ia 4500008004100000082001600041100002000057245004500077250001600122260003400138300000900172942001200181999001900193952010500212210430s9999 xx 000 0 und d a669 D5591 M aGeorge E.Dieter aMechanical Metallurgy /cGeorge E.Dieter a3rd edition aNew yorkkbMcGraw- Hillc1986 a751p cBK2ddc c561981d561981 001040708NFICaSCMEbSCMEcGENd0000-00-00l0o669 D5591 MpSCME-839r2021-04-30w2021-04-30yREF